000 00544nam a2200205Ia 4500
001 13726
003 GE_BSU
008 181216s||||||||xx |||||||||||||| ||und||
040 _cGE_BSU
080 _a821.353.1-1
100 _aტაბიძე,გალაქტიონ
245 _aლექსები
245 _cრედ.შ.რადიანი
260 _aტფილისი
260 _bსახელგამი
260 _c1937
300 _a83გვ.17სმ.
653 _aლექსები
942 _cBK
999 _c46874
_d46874